[Event "British Columbia op Online"]
[Site "chess.com"]
[Date "2021.02.20"]
[Round "3.7"]
[White "Waite, Taylor"]
[Black "Guo, Veronica (Yu Han)"]
[Result "1-0"]
[WhiteElo "1357"]
[BlackElo "1701"]
[PlyCount "137"]
[EventDate "2021.02.20"]
[EventType "swiss (rapid)"]
[EventRounds "6"]
[EventCountry "CAN"]

1. d4 d5 2. c4 e6 3. Nc3 Be7 4. Nf3 Nf6 5. cxd5 exd5 6. Bg5 h6 7. Bf4 c6 8. e3
Bf5 9. h3 Nbd7 10. Bd3 Bxd3 11. Qxd3 Qb6 12. O-O O-O 13. a3 Rfe8 14. Rab1 Nf8
15. b4 Ng6 16. Bh2 Rac8 17. Rfc1 a6 18. a4 Ne4 19. Nxe4 dxe4 20. Qxe4 Bxb4 21.
Qc2 c5 22. dxc5 Rxc5 23. Qxc5 Bxc5 24. Rxb6 Bxb6 25. Rb1 Rc8 26. g4 Rc6 27. Kg2
Kf8 28. a5 Bxa5 29. Rxb7 Bc3 30. Ra7 Ke8 31. g5 hxg5 32. Nxg5 Ne7 33. Ra8+ Nc8
34. h4 f6 35. Ne6 Be5 36. Bxe5 fxe5 37. Rxa6 Rxa6 38. Nc7+ Kf7 39. Nxa6 Kg6 40.
Kg3 Kh5 41. Nc5 Nd6 42. Nd7 e4 43. Nc5 g6 44. Kf4 Kxh4 45. Nxe4 Nf7 46. Nf6 Ng5
47. e4 Nh3+ 48. Kf3 g5 49. e5 Nf4 50. Ne4 Ne6 51. Ng3 g4+ 52. Ke4 Kg5 53. Kd5
Nf4+ 54. Kd6 Ng6 55. e6 Kf6 56. Ne4+ Kf5 57. Nc5 Kf4 58. Nd7 Kf3 59. Ne5+ Nxe5
60. Kxe5 Kxf2 61. e7 g3 62. e8=Q g2 63. Qf7+ Kg3 64. Qf4+ Kh3 65. Qf2 Kh2 66.
Kf4 Kh1 67. Qh4+ Kg1 68. Kf3 Kf1 69. Qf2# 1-0

[Event "British Columbia op Online"]
[Site "chess.com"]
[Date "2021.02.20"]
[Round "3.8"]
[White "Qin, Kaiqi"]
[Black "Jose, Marionito"]
[Result "1/2-1/2"]
[WhiteElo "1388"]
[BlackElo "1582"]
[PlyCount "41"]
[EventDate "2021.02.20"]
[EventType "swiss (rapid)"]
[EventRounds "6"]
[EventCountry "CAN"]

1. d4 Nf6 2. c4 c5 3. e3 g6 4. Nf3 Bg7 5. Nc3 cxd4 6. exd4 d5 7. Be2 O-O 8. O-O
a6 9. Bg5 dxc4 10. Bxc4 b5 11. Bb3 h6 12. Bh4 Bb7 13. Ne5 e6 14. Qe2 Qxd4 15.
Bg3 Ne4 16. Nxe4 Qxe4 17. Qxe4 Bxe4 18. Rfe1 Bb7 19. Nxf7 Bd5 20. Bxd5 exd5 21.
Ne5 1/2-1/2

[Event "British Columbia op Online"]
[Site "chess.com"]
[Date "2021.02.20"]
[Round "3.9"]
[White "Gao, Justin"]
[Black "King, Harvey"]
[Result "0-1"]
[WhiteElo "1486"]
[BlackElo "2133"]
[PlyCount "126"]
[EventDate "2021.02.20"]
[EventType "swiss (rapid)"]
[EventRounds "6"]
[EventCountry "CAN"]

1. e4 c5 2. Nf3 Nc6 3. d4 cxd4 4. Nxd4 e5 5. Nf3 Nf6 6. Nc3 Bb4 7. Bd3 d5 8.
Nd2 d4 9. Ne2 Bg4 10. f3 Be6 11. O-O a6 12. a4 O-O 13. Nc4 Rc8 14. Bd2 Be7 15.
a5 Qc7 16. b3 Bb4 17. Bxb4 Nxb4 18. Nb6 Rcd8 19. Rc1 Qc5 20. Ra1 Nc6 21. Qd2
Ne8 22. Rfb1 Nb4 23. Ra4 Nxd3 24. cxd3 Nc7 25. Rc1 Qe7 26. Qb2 Nb5 27. b4 f5
28. Raa1 fxe4 29. fxe4 Qg5 30. Qc2 Qe3+ 31. Kh1 Rf2 32. Re1 Nc3 33. Nxc3 Rxc2
34. Rxe3 dxe3 35. Nba4 Rf8 36. h3 Bb3 37. Re1 e2 38. Kg1 Rd2 39. Rxe2 Rxe2 40.
Nxe2 Bxa4 41. Nc3 Bc2 42. Nd5 Bxd3 43. Nc3 Rc8 44. Nd5 Kf7 45. Nb6 Rc1+ 46. Kh2
Bxe4 47. Na4 Rc2 48. h4 Rxg2+ 49. Kh3 h5 50. Nc5 Bc6 51. Nd3 Kf6 52. Nc5 Rb2
53. Nd3 Rb3 54. Kh2 Rxd3 55. Kg1 Rf3 56. b5 axb5 57. Kh2 e4 58. a6 bxa6 59. Kg2
e3 60. Kg1 e2 61. Kg2 e1=Q 62. Kh2 Qg3+ 63. Kh1 Rf4# 0-1

[Event "British Columbia op Online"]
[Site "chess.com"]
[Date "2021.02.20"]
[Round "3.10"]
[White "Kagaoan, Jose"]
[Black "Monkhouse, Neale"]
[Result "1/2-1/2"]
[WhiteElo "1823"]
[BlackElo "1483"]
[PlyCount "136"]
[EventDate "2021.02.20"]
[EventType "swiss (rapid)"]
[EventRounds "6"]
[EventCountry "CAN"]

1. e4 g6 2. Nf3 Bg7 3. Bc4 e6 4. Nc3 b6 5. O-O Bb7 6. d4 d6 7. Bg5 Ne7 8. Qd2
h6 9. Be3 Nd7 10. Rfe1 Nf6 11. d5 e5 12. Bb5+ Nd7 13. Rad1 a6 14. Bd3 g5 15.
Qe2 Ng6 16. g3 Nf6 17. Nd2 Bc8 18. f3 Qd7 19. Qg2 Qh3 20. Bf1 Qxg2+ 21. Kxg2
O-O 22. h3 Bd7 23. a4 Rfb8 24. Ra1 Ne8 25. Ra3 Kf8 26. Rea1 Ke7 27. b4 Bf8 28.
b5 a5 29. Ne2 Ng7 30. Rc3 Rc8 31. Raa3 Nh5 32. Rc4 Kd8 33. Rac3 Bg7 34. Rb3 Ke7
35. Rb1 Rab8 36. Rc3 Rb7 37. Rcb3 Rf8 38. Bf2 Rbb8 39. Nc4 Rfc8 40. Ne3 Bf8 41.
Nf5+ Kd8 42. Be3 Ne7 43. g4 Nf4+ 44. Nxf4 gxf4 45. Bf2 Nxf5 46. gxf5 f6 47. Be2
Ke7 48. Rg1 Be8 49. Kh2 Bh5 50. Rg2 Kf7 51. Rb1 Bg7 52. Rbg1 Rg8 53. Bh4 Bh8
54. Rxg8 Rxg8 55. Rxg8 Kxg8 56. Kg2 Kf7 57. Kf2 Ke7 58. Ke1 Bg7 59. c4 Kd7 60.
Kf2 Ke7 61. Kg2 Kd7 62. Be1 Bf8 63. Kf2 Be7 64. Bf1 Bf8 65. h4 Be7 66. Bh3 Bf7
67. Bg4 h5 68. Bh3 Be8 1/2-1/2

[Event "British Columbia op Online"]
[Site "chess.com"]
[Date "2021.02.21"]
[Round "4.1"]
[White "Jaspal, Harleen Singh"]
[Black "Wu, Jonathan"]
[Result "0-1"]
[WhiteElo "1512"]
[BlackElo "1819"]
[PlyCount "138"]
[EventDate "2021.02.20"]
[EventType "swiss (rapid)"]
[EventRounds "6"]
[EventCountry "CAN"]

1. e4 c6 2. Nf3 d5 3. exd5 cxd5 4. d4 Nc6 5. c3 Nf6 6. Bd3 Bg4 7. h3 Bh5 8. Bf4
e6 9. Qb3 Qd7 10. Ne5 Qc8 11. Bb5 Nd7 12. Nxd7 Qxd7 13. Nd2 Bd6 14. Bxd6 Qxd6
15. O-O O-O 16. Rfe1 Qf4 17. Nf1 Rab8 18. Qc2 Rfc8 19. Qd2 Qf6 20. Ng3 Bg6 21.
Bd3 Na5 22. Bxg6 Qxg6 23. Nf1 Nc4 24. Qe2 b5 25. a3 a5 26. Ne3 h6 27. Ng4 b4
28. cxb4 axb4 29. a4 Na5 30. Qf3 Rc2 31. b3 Rc3 32. Re3 Nxb3 33. Rae1 Rxe3 34.
Rxe3 Na5 35. Ne5 Qf5 36. Qg3 Rb7 37. Ng4 Kh7 38. Re5 Qg6 39. Re2 Qb1+ 40. Kh2
b3 41. Qc3 Nc4 42. a5 b2 43. a6 Ra7 44. Ne5 Qa1 45. Qd3+ Kg8 46. Rxb2 Qxb2 47.
Nxc4 dxc4 48. Qxc4 Qb6 49. f4 Qxa6 50. Qc3 Qa3 51. Qc8+ Kh7 52. Qc6 Qe7 53. d5
exd5 54. Qxd5 g6 55. Qc4 Qc7 56. Qe4 Ra5 57. h4 Rf5 58. g3 h5 59. Kh3 Qd7 60.
Kh2 Qe6 61. Qc2 Kg7 62. Qb2+ Rf6 63. Qa1 Qf5 64. Qb2 Kh7 65. Qg2 Re6 66. Qb2
Qg4 67. Kh1 Qh3+ 68. Kg1 Re1+ 69. Kf2 Qf1# 0-1

[Event "British Columbia op Online"]
[Site "chess.com"]
[Date "2021.02.21"]
[Round "4.2"]
[White "Huang, Patrick"]
[Black "Haines, Duncan"]
[Result "1-0"]
[WhiteElo "2160"]
[BlackElo "1724"]
[PlyCount "21"]
[EventDate "2021.02.20"]
[EventType "swiss (rapid)"]
[EventRounds "6"]
[EventCountry "CAN"]

1. d4 Nf6 2. Bf4 g6 3. Nc3 d5 4. e3 Bg7 5. h4 O-O 6. h5 Nxh5 7. Rxh5 gxh5 8.
Qxh5 Be6 9. Nf3 f6 10. Bd3 Bf7 11. Qxh7# 1-0

[Event "British Columbia op Online"]
[Site "chess.com"]
[Date "2021.02.21"]
[Round "4.3"]
[White "Imoo, Joshua"]
[Black "Waite, Taylor"]
[Result "1/2-1/2"]
[WhiteElo "1712"]
[BlackElo "1357"]
[PlyCount "54"]
[EventDate "2021.02.20"]
[EventType "swiss (rapid)"]
[EventRounds "6"]
[EventCountry "CAN"]

1. e4 c6 2. d4 d5 3. Nc3 g6 4. Nf3 Bg4 5. exd5 cxd5 6. h3 Bxf3 7. Qxf3 e6 8.
Bd3 Bg7 9. Ne2 Nc6 10. c3 Nf6 11. O-O O-O 12. Bf4 a6 13. a4 Rc8 14. Rab1 Na5
15. Rfc1 Nc4 16. b3 Nd6 17. c4 Nfe4 18. c5 Nf5 19. Bxe4 dxe4 20. Qxe4 Nxd4 21.
Bd6 Nxe2+ 22. Qxe2 Re8 23. Rd1 Qa5 24. Qc2 b5 25. c6 Qc3 26. Qxc3 Bxc3 27. c7
b4 1/2-1/2

[Event "British Columbia op Online"]
[Site "chess.com"]
[Date "2021.02.21"]
[Round "4.4"]
[White "Gelinas, Justin"]
[Black "Yang, Henry"]
[Result "1-0"]
[WhiteElo "1419"]
[BlackElo "1444"]
[PlyCount "115"]
[EventDate "2021.02.20"]
[EventType "swiss (rapid)"]
[EventRounds "6"]
[EventCountry "CAN"]

1. c4 e6 2. d4 d5 3. Nc3 Nf6 4. Nf3 Be7 5. Bf4 O-O 6. e3 c5 7. dxc5 Bxc5 8.
cxd5 exd5 9. Be2 Nc6 10. O-O h6 11. Rc1 Bb6 12. h3 Be6 13. Ne5 Rc8 14. Qd3 d4
15. Nxc6 Rxc6 16. exd4 Qxd4 17. Qxd4 Bxd4 18. Nb5 Rxc1 19. Rxc1 Bb6 20. a3 Ne4
21. Be3 Bxe3 22. fxe3 a6 23. Bd3 Nf6 24. Nd4 Rc8 25. Rxc8+ Bxc8 26. Nf5 Bxf5
27. Bxf5 Ne8 28. Kf2 Nd6 29. Bc2 f6 30. Ke2 Kf7 31. Kd3 Ke6 32. Kd4 b6 33. Bb3+
Kd7 34. g4 Kc6 35. Bd5+ Kd7 36. a4 a5 37. e4 Nc8 38. e5 Ne7 39. exf6 gxf6 40.
b3 Kd6 41. Bf7 f5 42. gxf5 Nxf5+ 43. Ke4 Ng7 44. h4 Ke7 45. Bg8 Kd6 46. Kf4
Ne6+ 47. Kf5 Nc5 48. Kg6 Kc6 49. Kxh6 b5 50. axb5+ Kxb5 51. h5 Kb4 52. Kg6 Nd7
53. h6 a4 54. bxa4 Kxa4 55. Kf7 Ne5+ 56. Kg7 Nc6 57. h7 Ne7 58. h8=Q 1-0

[Event "British Columbia op Online"]
[Site "chess.com"]
[Date "2021.02.21"]
[Round "4.5"]
[White "King, Harvey"]
[Black "Rosales, Diego"]
[Result "1-0"]
[WhiteElo "2133"]
[BlackElo "1456"]
[PlyCount "65"]
[EventDate "2021.02.20"]
[EventType "swiss (rapid)"]
[EventRounds "6"]
[EventCountry "CAN"]

1. e4 c5 2. Nf3 d6 3. d4 cxd4 4. Nxd4 Nf6 5. Nc3 a6 6. Be3 e5 7. Nb3 Be6 8. Be2
Be7 9. O-O O-O 10. a4 Nbd7 11. f4 Nb6 12. f5 Bc8 13. a5 Nbd7 14. g4 b5 15. axb6
Nxb6 16. Qe1 Nfd7 17. Qg3 Bg5 18. Bxg5 Qxg5 19. Rad1 Qe7 20. Qd3 d5 21. Nxd5
Nxd5 22. Qxd5 Nb6 23. Qc5 Qa7 24. Na5 Na4 25. Qxa7 Rxa7 26. Rb1 Nc5 27. Bf3 Bd7
28. Rfd1 Rb8 29. Rd5 Na4 30. Rbd1 Be8 31. Nc6 Nb6 32. Nxb8 Nxd5 33. exd5 1-0

[Event "British Columbia op Online"]
[Site "chess.com"]
[Date "2021.02.21"]
[Round "4.6"]
[White "Pangilinan, Emmanuel"]
[Black "Pitre, Hanniegn"]
[Result "0-1"]
[WhiteElo "1509"]
[BlackElo "1778"]
[PlyCount "58"]
[EventDate "2021.02.20"]
[EventType "swiss (rapid)"]
[EventRounds "6"]
[EventCountry "CAN"]

1. e4 d5 2. exd5 Nf6 3. Nc3 Nxd5 4. Bc4 c6 5. d3 e6 6. f4 Bb4 7. Bd2 O-O 8. Nf3
Qb6 9. Bxd5 exd5 10. a3 Re8+ 11. Kf1 Bd6 12. b3 Nd7 13. Ne2 c5 14. Bc3 d4 15.
Bd2 Nf6 16. h3 Nd5 17. g3 Bd7 18. Kf2 Bc6 19. Qe1 Ne3 20. Bxe3 Rxe3 21. Nfg1
Bxh1 22. Qf1 Rae8 23. h4 Bf3 24. Re1 Qc6 25. a4 h5 26. Qh3 Bg4 27. Qg2 Qxg2+
28. Kxg2 Bxe2 29. Kf2 Bg4 0-1

[Event "British Columbia op Online"]
[Site "chess.com"]
[Date "2021.02.21"]
[Round "4.7"]
[White "He, Matthew"]
[Black "Zhang, Raymond Tangning"]
[Result "1-0"]
[WhiteElo "1672"]
[BlackElo "1420"]
[PlyCount "75"]
[EventDate "2021.02.20"]
[EventType "swiss (rapid)"]
[EventRounds "6"]
[EventCountry "CAN"]

1. d4 e6 2. c4 Nf6 3. Nc3 Bb4 4. Qc2 c5 5. dxc5 Bxc5 6. Nf3 O-O 7. Bg5 Be7 8.
e3 Ne8 9. Bf4 d6 10. Bd3 Nf6 11. O-O h6 12. h3 Qd7 13. Rfd1 b6 14. Be4 Nxe4 15.
Nxe4 Bb7 16. Nxd6 Bxf3 17. gxf3 e5 18. Nf5 Qe6 19. Nxe7+ Qxe7 20. Qe4 Nd7 21.
Bg3 f5 22. Qd5+ Qf7 23. Qxd7 Qg6 24. Qd5+ Kh8 25. Qxe5 Rae8 26. Qf4 Qh7 27. Rd7
Qg8 28. Rad1 g5 29. Qd4+ Re5 30. Bxe5+ Rf6 31. Bxf6+ Qg7 32. Bxg7+ Kg8 33. Qd5+
Kh7 34. Qxf5+ Kg8 35. Qf8+ Kh7 36. Qh8+ Kg6 37. Qxh6+ Kf5 38. Qf6# 1-0

[Event "British Columbia op Online"]
[Site "chess.com"]
[Date "2021.02.21"]
[Round "4.8"]
[White "Jose, Marionito"]
[Black "Wang, Steven"]
[Result "1/2-1/2"]
[WhiteElo "1582"]
[BlackElo "1333"]
[PlyCount "106"]
[EventDate "2021.02.20"]
[EventType "swiss (rapid)"]
[EventRounds "6"]
[EventCountry "CAN"]

1. e4 e5 2. f4 Nc6 3. Nf3 f5 4. exf5 e4 5. Ng5 Nf6 6. Be2 h5 7. O-O Bc5+ 8. Kh1
d5 9. c3 Bxf5 10. d4 Be7 11. Be3 Ng4 12. Bxg4 hxg4 13. g3 Bf6 14. Qb3 b6 15.
Qd1 Qd7 16. b4 a6 17. Nd2 Ke7 18. a4 g6 19. Nb3 Nd8 20. Rf2 Nb7 21. Rfa2 Ra7
22. Qe2 a5 23. b5 Nd6 24. Nd2 c6 25. c4 Rc7 26. c5 bxc5 27. b6 Rb7 28. dxc5 Nf7
29. Re1 d4 30. Bg1 Nxg5 31. fxg5 Bxg5 32. Nxe4 Qd5 33. Qg2 Be3 34. Bxe3 Bxe4
35. Bg5+ Qxg5 36. Qxe4+ Kd7 37. Qxd4+ Qd5+ 38. Qxd5+ cxd5 39. Rc2 Rc8 40. Rf1
Rxb6 41. Rf7+ Kd8 42. Rf8+ Kd7 43. Rxc8 Rb1+ 44. Kg2 Kxc8 45. h3 Rb4 46. hxg4
Rxg4 47. Kf3 Rxa4 48. c6 Kc7 49. Rc5 Ra3+ 50. Kf4 a4 51. g4 Ra1 52. Kg5 a3 53.
Rxd5 a2 1/2-1/2

[Event "British Columbia op Online"]
[Site "chess.com"]
[Date "2021.02.21"]
[Round "4.9"]
[White "Mok, Gillian"]
[Black "Yang, Jingyun (Ryan)"]
[Result "0-1"]
[WhiteElo "1503"]
[BlackElo "1564"]
[PlyCount "64"]
[EventDate "2021.02.20"]
[EventType "swiss (rapid)"]
[EventRounds "6"]
[EventCountry "CAN"]

1. e4 e5 2. Nf3 Nc6 3. Nc3 Nf6 4. Bb5 Bc5 5. O-O d6 6. d3 h6 7. Na4 Bb6 8. Nxb6
axb6 9. Re1 Bg4 10. h3 Bh5 11. c3 O-O 12. Be3 d5 13. exd5 Qxd5 14. Bc4 Qd6 15.
Kh1 Bg6 16. d4 exd4 17. Nxd4 Nxd4 18. Qxd4 Qc6 19. Bf1 Rfd8 20. Qc4 Qd7 21. Bd4
Ne4 22. Rad1 c5 23. Bxc5 Qxd1 24. Rxd1 Rxd1 25. Qe2 Rd2 26. Qe3 bxc5 27. f3
Ng3+ 28. Kg1 Rd1 29. Kf2 Nxf1 30. Qxc5 Rad8 31. f4 Be4 32. Kg1 R8d2 0-1

[Event "British Columbia op Online"]
[Site "chess.com"]
[Date "2021.02.21"]
[Round "4.10"]
[White "Cronin, Kent"]
[Black "Qin, Kaiqi"]
[Result "0-1"]
[WhiteElo "1514"]
[BlackElo "1388"]
[PlyCount "68"]
[EventDate "2021.02.20"]
[EventType "swiss (rapid)"]
[EventRounds "6"]
[EventCountry "CAN"]

1. e4 c5 2. Nf3 d6 3. d4 cxd4 4. Nxd4 Nf6 5. f3 a6 6. c4 Nc6 7. Nc3 g6 8. Be3
Bg7 9. Be2 O-O 10. O-O Bd7 11. Rc1 Rc8 12. Nc2 Ne5 13. b3 Bc6 14. Nb4 Qa5 15.
Nxc6 Nxc6 16. Na4 Nd7 17. Bd2 Qc7 18. b4 Nd4 19. c5 dxc5 20. bxc5 Nxe2+ 21.
Qxe2 Bd4+ 22. Be3 Bxe3+ 23. Qxe3 Qa5 24. Qd4 Rfd8 25. h3 Nb6 26. Nxb6 Rxd4 27.
Nxc8 Qxa2 28. Nxe7+ Kf8 29. Nd5 Rd2 30. Ne3 Re2 31. Rc3 Qd2 32. Rb3 Rxe3 33.
Rxb7 Re2 34. Rb8+ Kg7 0-1

[Event "British Columbia op Online"]
[Site "chess.com"]
[Date "2021.02.21"]
[Round "5.1"]
[White "Wu, Jonathan"]
[Black "Gelinas, Justin"]
[Result "1-0"]
[WhiteElo "1819"]
[BlackElo "1419"]
[PlyCount "185"]
[EventDate "2021.02.20"]
[EventType "swiss (rapid)"]
[EventRounds "6"]
[EventCountry "CAN"]

1. e4 Nf6 2. e5 Nd5 3. d4 d6 4. c4 Nb6 5. exd6 exd6 6. Nc3 Be7 7. Bd3 O-O 8.
Nge2 Nc6 9. O-O Nb4 10. Bb1 Be6 11. a3 Na6 12. b3 c6 13. Nf4 Bc8 14. Bb2 d5 15.
Re1 Nc7 16. Re3 Bg5 17. Nce2 Ne6 18. Nxe6 Bxe6 19. Re5 Nd7 20. f4 Nxe5 21. dxe5
Be7 22. Ng3 dxc4 23. Qc2 g6 24. bxc4 Bc5+ 25. Kh1 f5 26. exf6 Bd4 27. h3 Rxf6
28. Ba2 Bf5 29. Nxf5 Bxb2 30. c5+ Kh8 31. Qxb2 gxf5 32. Re1 Kg7 33. Qxb7+ Kg6
34. Re7 Qd1+ 35. Kh2 Rh8 36. Rg7+ Kh6 37. Rg5 Rg6 38. Bf7 Qd2 39. Bxg6 Qxf4+
40. Rg3 hxg6 41. Qf7 g5 42. Qf6+ Kh7 43. Qxg5 Qxg5 44. Rxg5 Rf8 45. Kg3 f4+ 46.
Kf3 a5 47. Re5 Rg8 48. Re6 Rg3+ 49. Kxf4 Rxa3 50. Rxc6 Rc3 51. Ke4 a4 52. Kd4
Rc2 53. Ra6 Ra2 54. g4 a3 55. Kc3 Kg7 56. Kb3 Rh2 57. Rxa3 Rxh3+ 58. Kb4 Rh4
59. Rg3 Kf6 60. Kb5 Ke7 61. g5 Rh2 62. g6 Kf8 63. Kc6 Rc2 64. Kd6 Kg7 65. c6
Rd2+ 66. Ke5 Re2+ 67. Kd5 Rd2+ 68. Kc4 Rc2+ 69. Rc3 Ra2 70. c7 Ra8 71. Kd5 Rc8
72. Kd6 Kxg6 73. Kd7 Rxc7+ 74. Kxc7 Kf5 75. Re3 Kf4 76. Re6 Kf5 77. Kd6 Kf4 78.
Kd5 Kf5 79. Kd6 Kf4 80. Re5 Kf3 81. Kd5 Kf4 82. Kd4 Kf3 83. Re4 Kg3 84. Ke3 Kg2
85. Rf4 Kg3 86. Ke4 Kg2 87. Rf3 Kh2 88. Kf4 Kg2 89. Kg4 Kh2 90. Rg3 Kh1 91. Kf3
Kh2 92. Kf2 Kh1 93. Rh3# 1-0

[Event "British Columbia op Online"]
[Site "chess.com"]
[Date "2021.02.21"]
[Round "5.2"]
[White "Pitre, Hanniegn"]
[Black "Huang, Patrick"]
[Result "0-1"]
[WhiteElo "1778"]
[BlackElo "2160"]
[PlyCount "62"]
[EventDate "2021.02.20"]
[EventType "swiss (rapid)"]
[EventRounds "6"]
[EventCountry "CAN"]

1. e4 g6 2. d4 Bg7 3. Nf3 d6 4. h3 Nd7 5. Bd3 c5 6. c3 b6 7. O-O Bb7 8. Nbd2
Ngf6 9. e5 dxe5 10. dxe5 Nd5 11. Re1 Nf8 12. Bb5+ Nd7 13. e6 fxe6 14. Ng5 Nc7
15. Nxe6 Nxe6 16. Rxe6 O-O 17. Ne4 Ne5 18. Qxd8 Raxd8 19. f3 Bxe4 20. fxe4 Rd1+
21. Kh2 c4 22. Rxe7 Rff1 23. Rxg7+ Kxg7 24. Bf4 Rxa1 25. Bxe5+ Kh6 26. Bxc4
Rfe1 27. Bd5 Rad1 28. Bd4 Kg5 29. h4+ Kg4 30. Be6+ Kf4 31. g3+ Kf3 0-1

[Event "British Columbia op Online"]
[Site "chess.com"]
[Date "2021.02.21"]
[Round "5.3"]
[White "Yang, Jingyun (Ryan)"]
[Black "King, Harvey"]
[Result "0-1"]
[WhiteElo "1564"]
[BlackElo "2133"]
[PlyCount "102"]
[EventDate "2021.02.20"]
[EventType "swiss (rapid)"]
[EventRounds "6"]
[EventCountry "CAN"]

1. e4 e6 2. d4 d5 3. exd5 exd5 4. c4 c6 5. Nc3 Nf6 6. Nf3 Bd6 7. cxd5 cxd5 8.
Bd3 Nc6 9. O-O O-O 10. Bg5 Be6 11. Re1 h6 12. Bh4 a6 13. Qd2 Be7 14. Rac1 Ne4
15. Nxe4 Bxh4 16. Nc5 Bc8 17. Nxh4 Qxh4 18. Nb3 g6 19. Be2 Kg7 20. Bf3 Be6 21.
g3 Qf6 22. Bg2 Rac8 23. Rcd1 b6 24. a4 a5 25. Qe2 Nb4 26. Qb5 Bf5 27. Re3 Rc2
28. Rf3 Qd8 29. Rd2 Bd7 30. Qe2 Rxd2 31. Qxd2 Bxa4 32. g4 Qc8 33. Rh3 g5 34. f4
f6 35. f5 Rf7 36. Rc3 Qd7 37. Nc1 Re7 38. Ne2 Qe8 39. Ng3 Bb5 40. Nh5+ Kf7 41.
Rc1 Bc4 42. b3 Re2 43. Qd1 Qe3+ 44. Kh1 Nd3 45. h3 Nf2+ 46. Kh2 Nxd1 47. Rc3
Nxc3 48. b4 axb4 49. h4 Qf2 50. Nf4 gxf4 51. h5 Qxg2# 0-1

[Event "British Columbia op Online"]
[Site "chess.com"]
[Date "2021.02.21"]
[Round "5.4"]
[White "Haines, Duncan"]
[Black "Jaspal, Harleen Singh"]
[Result "1/2-1/2"]
[WhiteElo "1724"]
[BlackElo "1512"]
[PlyCount "48"]
[EventDate "2021.02.20"]
[EventType "swiss (rapid)"]
[EventRounds "6"]
[EventCountry "CAN"]

1. d4 d5 2. c4 c6 3. Nf3 Nf6 4. e3 Bg4 5. Qb3 Qb6 6. Ne5 e6 7. Nxg4 Qxb3 8.
axb3 Nxg4 9. c5 Nd7 10. b4 Be7 11. b5 O-O 12. bxc6 bxc6 13. Ra6 Rfc8 14. Bd2 e5
15. Bc3 Bf6 16. Na3 exd4 17. exd4 Rc7 18. Be2 Re8 19. Kf1 Nh6 20. Nc2 Nb8 21.
Ra4 Nf5 22. g3 g6 23. Bd3 Ng7 24. Kg2 Ne6 1/2-1/2

[Event "British Columbia op Online"]
[Site "chess.com"]
[Date "2021.02.21"]
[Round "5.5"]
[White "Qin, Kaiqi"]
[Black "Imoo, Joshua"]
[Result "1-0"]
[WhiteElo "1388"]
[BlackElo "1712"]
[PlyCount "103"]
[EventDate "2021.02.20"]
[EventType "swiss (rapid)"]
[EventRounds "6"]
[EventCountry "CAN"]

1. d4 d5 2. c4 e6 3. Nc3 Nf6 4. Bf4 Be7 5. e3 O-O 6. Nf3 Nbd7 7. a3 c5 8. Nb5
Qa5+ 9. Qd2 Qxd2+ 10. Nxd2 a6 11. Bd6 Bxd6 12. Nxd6 cxd4 13. exd4 dxc4 14.
N2xc4 b5 15. Ne5 Nxe5 16. dxe5 Nd5 17. g3 Ra7 18. Bg2 Rd8 19. Bxd5 exd5 20. Rc1
Bh3 21. Kd2 f6 22. f4 Re7 23. Rhe1 Bg2 24. Rc8 Rxc8 25. Nxc8 Re6 26. exf6 Rxe1
27. Kxe1 gxf6 28. Kf2 Be4 29. Ke3 f5 30. Kd4 h5 31. Ne7+ Kf7 32. Nxd5 Bf3 33.
Ke5 a5 34. Ne3 Bg4 35. Nxg4 fxg4 36. Kf5 b4 37. axb4 axb4 38. Ke5 b3 39. f5 Ke7
40. f6+ Kf8 41. Kf5 Kf7 42. Kg5 Ke6 43. Kg6 Kd5 44. f7 Kd4 45. f8=Q h4 46. gxh4
g3 47. hxg3 Kc4 48. h5 Kb5 49. h6 Ka4 50. h7 Kb5 51. h8=Q Ka4 52. Qd4+ 1-0

[Event "British Columbia op Online"]
[Site "chess.com"]
[Date "2021.02.21"]
[Round "5.6"]
[White "Waite, Taylor"]
[Black "He, Matthew"]
[Result "1-0"]
[WhiteElo "1357"]
[BlackElo "1672"]
[PlyCount "159"]
[EventDate "2021.02.20"]
[EventType "swiss (rapid)"]
[EventRounds "6"]
[EventCountry "CAN"]

1. d4 d5 2. c4 e6 3. Nc3 Bb4 4. Nf3 Nf6 5. Bg5 Nbd7 6. e3 c5 7. cxd5 exd5 8.
Bd3 Qa5 9. Qc2 c4 10. Bf5 O-O 11. O-O Re8 12. Nd2 g6 13. Bh3 Kg7 14. Bh4 Bxc3
15. bxc3 Ne4 16. Nxe4 Rxe4 17. Bg3 Nb6 18. Bxc8 Rxc8 19. Bf4 Rce8 20. f3 R4e6
21. e4 f6 22. e5 f5 23. g4 Rf8 24. h4 Qa4 25. Qd2 Kg8 26. h5 Qe8 27. Bh6 Rf7
28. Bg5 Nd7 29. Qh2 gxh5 30. Qxh5 Rg7 31. Qxe8+ Rxe8 32. Bh6 Rg6 33. g5 Ree6
34. Rab1 Rb6 35. a4 a5 36. Kf2 Kf7 37. Rb5 Rxb5 38. axb5 Rb6 39. Ra1 Rxb5 40.
Kg3 b6 41. Kf4 Ke6 42. g6 hxg6 43. Rg1 Kf7 44. e6+ Kxe6 45. Rxg6+ Ke7 46. Kxf5
Rb1 47. Re6+ Kd8 48. Bg5+ Kc7 49. Re8 a4 50. Ra8 b5 51. Ra7+ Kc8 52. Ke6 Nb6
53. Bf4 Rg1 54. Be5 Rg6+ 55. Ke7 Rh6 56. Rc7+ Kb8 57. Rc6+ Kb7 58. Rxh6 a3 59.
Rh2 Na4 60. Ra2 Nxc3 61. Rxa3 b4 62. Rxc3 bxc3 63. Kd6 Kb6 64. Kxd5 Kb5 65. Bf4
c2 66. Bc1 Kb4 67. f4 Kb3 68. f5 c3 69. f6 Ka2 70. f7 Kb1 71. f8=Q Kxc1 72.
Qf1+ Kb2 73. Qe2 Kb1 74. Qd3 Kb2 75. Qb5+ Ka3 76. Kc4 Ka2 77. Qb3+ Ka1 78.
Qxc3+ Kb1 79. Qxc2+ Kxc2 80. d5 1-0

[Event "British Columbia op Online"]
[Site "chess.com"]
[Date "2021.02.21"]
[Round "5.7"]
[White "Monkhouse, Neale"]
[Black "Soliven, Joe"]
[Result "0-1"]
[WhiteElo "1483"]
[BlackElo "1849"]
[PlyCount "124"]
[EventDate "2021.02.20"]
[EventType "swiss (rapid)"]
[EventRounds "6"]
[EventCountry "CAN"]

1. e4 e5 2. Nf3 Nc6 3. Bc4 Bc5 4. c3 Bb6 5. a4 a5 6. O-O d6 7. h3 Nf6 8. d3 O-O
9. Na3 h6 10. Re1 Qe7 11. Qe2 Nh7 12. Nc2 Nd8 13. d4 Kh8 14. dxe5 dxe5 15. Ne3
c6 16. Bd2 Bc7 17. Rad1 Ne6 18. Nf5 Qf6 19. g3 Neg5 20. Nxg5 Nxg5 21. Bxg5 Qxg5
22. h4 Qf6 23. Ne3 g6 24. Kg2 h5 25. f3 Rg8 26. Rh1 Qe7 27. Kf2 Bb6 28. Kg2 Bd7
29. Rd2 Rad8 30. Rhd1 Bc8 31. Bb3 Kg7 32. Rxd8 Rxd8 33. Rxd8 Qxd8 34. Qd1 Qd7
35. Qxd7 Bxd7 36. Nc4 Bc7 37. Kf2 f5 38. Bc2 Kf6 39. b3 Be6 40. Nd2 Bb6+ 41.
Ke2 f4 42. Nf1 Bc7 43. c4 Bh3 44. gxf4 Bxf1+ 45. Kxf1 exf4 46. Ke2 Ke5 47. Kd3
c5 48. Bd1 Bd8 49. Be2 Bxh4 50. Bf1 Bf6 51. Bh3 Kd6 52. Bc8 b6 53. Bh3 Bd4 54.
Bc8 Ke5 55. Bh3 Kf6 56. Ke2 Kg5 57. Kf1 Kh4 58. Kg2 g5 59. Bf5 g4 60. fxg4 hxg4
61. e5 f3+ 62. Kf1 g3 0-1

[Event "British Columbia op Online"]
[Site "chess.com"]
[Date "2021.02.21"]
[Round "5.8"]
[White "Kagaoan, Jose"]
[Black "Jose, Marionito"]
[Result "1-0"]
[WhiteElo "1823"]
[BlackElo "1582"]
[PlyCount "81"]
[EventDate "2021.02.20"]
[EventType "swiss (rapid)"]
[EventRounds "6"]
[EventCountry "CAN"]

1. e4 c5 2. a3 g6 3. b4 Bg7 4. Nc3 cxb4 5. axb4 d6 6. Nf3 Nf6 7. d4 O-O 8. Bb2
Nc6 9. b5 Nb8 10. Bc4 Be6 11. Bxe6 fxe6 12. O-O h6 13. Qd3 Nbd7 14. e5 dxe5 15.
dxe5 Ng4 16. Qxg6 Ndxe5 17. Nxe5 Nxe5 18. Qxe6+ Kh7 19. Rae1 Ng6 20. g3 Rc8 21.
Re3 Qd2 22. Re2 Qd8 23. Nd1 Bxb2 24. Nxb2 Rf6 25. Qe4 Qd7 26. Kg2 Qxb5 27. Nd3
e5 28. Rfe1 Qc6 29. h4 Qxe4+ 30. Rxe4 Rxc2 31. h5 Nf8 32. Rxe5 Kg8 33. Re8 a5
34. Ra8 Ra6 35. Rb8 Rc7 36. Ree8 Rf7 37. Ne5 Raf6 38. Nxf7 Rxf7 39. Ra8 b6 40.
Reb8 Rf6 41. Ra6 1-0